| 000 | 00970cam a22002054a 4500 | ||
|---|---|---|---|
| 005 | 20250605164054.0 | ||
| 008 | 250528s ||||||||||||||||||||||||d | ||
| 035 | _a17380 | ||
| 020 | _a395214106 | ||
| 040 |
_aGR-AtMCL _bgre _dGR-AtMCL _eAACR2 |
||
| 245 | 1 | _aIssues in Business and Society / Third Edition | |
| 250 | _a3rd | ||
| 260 |
_bHoughton Mifflin Company, _c1977 |
||
| 300 | _a608 | ||
| 520 | _aPreface, Issues of Free Enterprise Capitalism, Business and Government and Society, Business and the Individual, Labor Management Relationships, Business Environmental Problems, Representation for Protest Groups, Social Responsibility for the Professional Manager, Business-Society Goals and Policies and Ethics, Public Relations and the Corporate Image, Appraising Future Business-Society Responsibilities, A Business-Society Issues, Bibliography, Appendix. | ||
| 700 | 1 |
_aGreenwood William T _93538 |
|
| 942 | _cBK | ||
| 999 |
_c2803 _d2803 |
||